=LDR 00000nam 2200000 4500 =001 INLIS000000000023291 =005 20130612121952 =008 ***********************************Ind** =035 ##$$a0010-061300000023291 =041 ##$$a Ind =082 ##$$a 612.118 =090 ##$$a 612.118, Sad b =100 ##$$a Sadikin, mohamad =245 ##$$a Biokimia darah, mohamad Sadikin, Dsc =260 ##$$a 2001 $b Jakarta =300 ##$$a viii, 127 hlm, 21 cm =650 ##$$a Darah - Analisis kimia =850 ##$$a NBPNMAT =990 ##$$a 21400613/BPAP-NTB/20142014